000 00348nam a2200145Ia 4500
008 230917s9999||||xx |||||||||||||| ||und||
040 _e152518
_aMAIN
041 _aEnglish
082 _a294.12 S23R
100 _aSharma, Shreeram
245 0 _aRiggveda (vol. 2)
260 _aU.P.
_bSanskriti Sansthan
_c1976
300 _a960p p.
942 _cBK
999 _c194251
_d194251